1686 1596 1676 1518 1562 1977 1186 1689 1835 1415 1248 1750 1386 1238 1618 1161 1060 1004 1702 1848 1822 1951 1926 1825 1767 1248 1728 1821 1166 1643 1626 1087 1561 1421 1614 1528 1094 1443 1117 1780 1507 1898 1024 1349 1778 1976 1795 1089 1154 1619 1780 1204 1625 1893 1915 1625 1700 1656 1241 1915 1996 1423 1953 1146 1022 1876 1912 1675 1727 1278 1240 1062 1426 1663 1723 1688 1468 1508 1623 1527 1420 1447 1483 1869 1690 1851 1049 1869 1631 1143 1109 1071 1942 1999 1235 1210 1929 1987 1780 BCNSPRNW ULIB Ver.6.0+V

เปลี่ยนเป็นภาษาไทย

Change to English
 แสดงรายละเอียดบรรณานุกรม
  กลับหน้าหลัก

Brief Record : Get Marc (ISO 2709) : E-mail record : QR code < ปิดหน้าต่าง
LEADER : 00000nam 2200000uu 4500
001    13399127494
003     ULIB
008    200617s2562||||th 000 0 tha d
020    ู^a9786160037933
050  0 ^aนว^bน294ร
100    ^aนวตา
245    ^aรักฉบับร้าย Devil s Darling
250    ^aพิมพ์ครั้งที่ 1
260    ^aกรุงเทพฯ :^bพิมพ์คำ,^c2562
300    ^a567 หน้า;^b21 ซม.
650    ^aนวนิยาย
945    ^p390^l0^i28400
999    ^aกัณชพร จุลอักษร
รายการนี้ยังไม่มีแท็ก
คุณยังไม่ได้ล็อกอิน คุณสามารถมีกิจกรรมร่วมกับเว็บไซต์ได้ แต่ต้องล็อกอินก่อน ::
  ล็อกอิน

รายการสื่อสารสนเทศ

ลำดับที่ ประเภท เลขเรียก/บาร์โค้ด สถานที่ สถานะ
1. นวนิยาย
นวนิยาย
นว น294ร ฉ.1 
  Barcode: 28400
ห้องสมุดวิทยาเขตนครสวรรค์
►หนังสือทั่วไป:l:General Books
บนชั้น

รายการใกล้เคียง
    ชื่อเรื่อง [รักฉบับร้าย Devil s Darling]

    ผู้แต่ง [นวตา]

    หัวเรื่อง [นวนิยาย]

BibComment


ยังไม่เคยถูกคอมเมนท์

คอมเมนท์ทรัพยากรรายการนี้
  คอมเมนท์: รักฉบับร้าย Devi..


 Copyright 2026. Bcnsprnw @Library